| 000 | 01032nam a2200241Ia 4500 | ||
|---|---|---|---|
| 999 |
_c52160 _d52160 |
||
| 001 | 19167 | ||
| 003 | GE_BSU | ||
| 005 | 20210312145607.0 | ||
| 008 | 181216s2009||||ge |||||||||||||| ||geo|| | ||
| 040 | _cGE_BSU | ||
| 041 | _ageo | ||
| 080 | _a81 С-99 | ||
| 100 |
_aСурманидзе, Н. _910447 |
||
| 245 |
_aЛингвистический статус "Деловых" изречении / _cН. Сурманидзе; Научн. руков. Д. З. Гоциридзе; Батумский гос. ун-т им. Шота Руставели |
||
| 264 |
_aБатуми _bБатумский гос. ун-т им. Ш. Руставели _c2009 |
||
| 300 |
_a144 стр. ; _b30 см. |
||
| 653 | _aЛингвистический статус "Деловых" изречении | ||
| 653 | _aЯзыкознание | ||
| 653 | _aდისერტაცია | ||
| 653 | _aენათმეცნიერება | ||
| 700 |
_aГоциридзе, Д. З. _eНаучн. руководитель _910425 |
||
| 942 |
_cBK _2udc |
||